Jean Cantelaube, La Forge à la catalane dans les Pyrénées ariégeoises, une industrie à la montagne (xviie-xixe siècle), Toulouse, cnrs-Université de Toulouse Le Mirai, 2005, 815 p., 40 €, isbn : 2912025176 (notice n° 1628643)
[ vue normale ]
| 000 -LEADER | |
|---|---|
| fixed length control field | 00670cam a2200145 4500500 |
| 005 - DATE AND TIME OF LATEST TRANSACTION | |
| control field | 20260111094521.0 |
| 041 ## - LANGUAGE CODE | |
| Language code of text/sound track or separate title | fre |
| 042 ## - AUTHENTICATION CODE | |
| Authentication code | dc |
| 100 10 - MAIN ENTRY--PERSONAL NAME | |
| Personal name | Prévert, Gaëtan |
| Relator term | author |
| 245 00 - TITLE STATEMENT | |
| Title | Jean Cantelaube, La Forge à la catalane dans les Pyrénées ariégeoises, une industrie à la montagne (xviie-xixe siècle), Toulouse, cnrs-Université de Toulouse Le Mirai, 2005, 815 p., 40 €, isbn : 2912025176 |
| 260 ## - PUBLICATION, DISTRIBUTION, ETC. | |
| Date of publication, distribution, etc. | 2006.<br/> |
| 500 ## - GENERAL NOTE | |
| General note | 2 |
| 786 0# - DATA SOURCE ENTRY | |
| Note | Histoire & Sociétés Rurales | 26 | 2 | 2006-12-01 | p. 193l-241l | 1254-728X |
| 856 41 - ELECTRONIC LOCATION AND ACCESS | |
| Uniform Resource Identifier | <a href="https://shs.cairn.info/revue-histoire-et-societes-rurales-2006-2-page-193l?lang=fr&redirect-ssocas=7080">https://shs.cairn.info/revue-histoire-et-societes-rurales-2006-2-page-193l?lang=fr&redirect-ssocas=7080</a> |
Pas d'exemplaire disponible.




Réseaux sociaux